[Event "It (open)"]
[Site "masterchessopen.com – Saint-Quentin (France)"]
[Round "9"]
[White "Leroy Didier (FRA)"]
[Black "Gerard Nicolas (FRA)"]
[Result "0-1"]
[WhiteElo "2378"]
[BlackElo "2312"]

1.e4 c5 2.Nf3 d6 3.d4 cxd4 4.Nxd4 Nf6 5.Nc3 a6 6.g3 e5 7.Nde2 Be7 8.Bg2 b5
9.O-O Bb7 10.h3 O-O 11.g4 b4 12.Nd5 Nxd5 13.exd5 Nd7 14.Bd2 a5 15.c3 Qb6 16.a3
bxa3 17.Rxa3 Ba6 18.b3 a4 19.Rxa4 Bxe2 20.Qxe2 Qxb3 21.Rb4 Qa2 22.f4 Rfe8
23.g5 exf4 24.Rf2 Ne5 25.Bxf4 Qxe2 26.Rxe2 Nd3 27.Rb7 Nxf4 28.Rexe7 Ra1+
29.Kf2 Nxh3+ {#R} 0-1

[Event "Ch Ukraine (1/2 final) (open)"]
[Site "masterchessopen.com – Alushta (Ukraine)"]
[Round "0"]
[White "Tokmina Petr (UKR)"]
[Black "Derjabin Ilja (UKR)"]
[Result "0-1"]
[WhiteElo "2368"]
[BlackElo "2282"]

1.e4 c5 2.Nf3 d6 3.d4 cxd4 4.Nxd4 Nf6 5.Nc3 a6 6.g3 e5 7.Nb3 Be6 8.Bg2 Be7
9.O-O O-O 10.Nd5 Nxd5 11.exd5 Bf5 12.Be3 Nd7 13.Qd2 Rc8 14.Rfc1 Bg6 15.c4 e4
16.Bf4 Ne5 17.Bxe5 dxe5 18.Qe2 Bg5 19.Rd1 f5 20.Nd2 Qb6 21.Nf1 f4 22.Bh3 f3
23.Qe1 Rxc4 24.Be6+ Kh8 25.h4 Bh6 26.g4 Rc2 27.g5 Re2 {#R} 0-1

[Event "It (open)"]
[Site "masterchessopen.com – Burgos (Spain)"]
[Round "4"]
[White "Saboride Bua Jorge (ESP)"]
[Black "Camejo Rui (POR)"]
[Result "0-1"]
[WhiteElo "2036"]
[BlackElo "2271"]

1.e4 c5 2.Nf3 d6 3.d4 cxd4 4.Nxd4 Nf6 5.Nc3 a6 6.g3 e5 7.Nde2 Qc7 8.Bg5 Nbd7
9.Bg2 Be7 10.O-O h6 11.Be3 b5 12.a3 Nb6 13.b3 Bb7 14.h3 O-O 15.f4 Rac8 16.Qc1
Nbd7 17.f5 Kh7 18.g4 Nc5 19.Nd5 Bxd5 20.exd5 Nce4 21.Ra2 Bd8 22.h4 Nc3 23.Nxc3
Qxc3 24.g5 Ng4 25.g6+ Kh8 26.Rf3 Nxe3 27.Rxe3 Bb6 28.Kf2 fxg6 {#R} 0-1

[Event "Ukrainian Games (youth)"]
[Site "masterchessopen.com – Evpatoria (Ukraine)"]
[Round "0"]
[White "Polivanov Anatoliy (UKR)"]
[Black "Golubka Petr (UKR)"]
[Result "1-0"]
[WhiteElo "2319"]
[BlackElo "2406"]

1.e4 c5 2.Nf3 a6 3.Nc3 d6 4.d4 cxd4 5.Nxd4 Nf6 6.g3 e5 7.Nb3 Bg4 8.Be2 Be6
9.Bf3 Nbd7 10.a4 Be7 11.Nd2 Rc8 12.Nf1 Rc4 13.Be3 O-O 14.Nd2 Rc8 15.O-O Rb8
16.a5 Qc7 17.Nb3 Rfc8 18.Be2 Qc6 19.Bf3 Ra8 20.Re1 b5 21.axb6 Nxb6 22.Na5 Qc7
23.Nd5 Nfxd5 24.exd5 Bd7 25.b3 Bf8 26.c4 e4 27.Bxe4 Na4 28.Qd2 Nc5 29.Bg2 Bf5
30.Bd4 Re8 31.b4 Ne4 32.Qf4 Bg6 {#r} 1-0

[Event "Tournament"]
[Site "masterchessopen.com – Florida (Argentina)"]
[Round "5"]
[White "Villegas Alicia (ARG)"]
[Black "Doval Oscar (ARG)"]
[Result "1-0"]
[WhiteElo "2154"]
[BlackElo "2024"]

1.e4 c5 2.Nf3 d6 3.d4 cxd4 4.Nxd4 Nf6 5.Nc3 a6 6.g3 Bg4 7.Nf3 Nc6 8.Bg2 g6
9.h3 Bd7 10.O-O Bg7 11.Re1 O-O 12.e5 dxe5 13.Nxe5 Nxe5 14.Rxe5 Rb8 15.Bf4 Rc8
16.Bxb7 Rb8 17.Bg2 Rxb2 18.Rc5 Bf5 19.Qf3 Rxc2 20.Rc7 Ne4 21.Rd1 Nxc3 22.Rxd8
Rxd8 23.Rxe7 Rxa2 24.Bc7 Ra1+ 25.Kh2 Rf8 26.Qc6 Nb5 27.Bd5 Nd4 28.Qb7 Be6
29.Bxe6 fxe6 30.Rxg7+ {#r} 1-0

[Event "Ch Russia (students)"]
[Site "masterchessopen.com – Novokuznetsk (Russia)"]
[Round "2"]
[White "Sufiyarov Artur (RUS)"]
[Black "Lavrov S (UKR)"]
[Result "1-0"]
[WhiteElo "2256"]
[BlackElo "2404"]

1.Nf3 d6 2.e4 c5 3.d4 cxd4 4.Nxd4 Nf6 5.Nc3 a6 6.g3 e5 7.Nde2 Be7 8.Bg2 O-O
9.O-O h6 10.h3 b5 11.Be3 Bb7 12.Nd5 Nxd5 13.exd5 Nd7 14.Qd2 Qc7 15.Rac1 Rac8
16.b3 Qb8 17.Kh2 Qa8 18.f4 Bf6 19.fxe5 Bxe5 20.c4 bxc4 21.bxc4 Rc7 22.Nd4 Qc8
23.Nf5 Qd8 24.Bxh6 gxh6 25.Qxh6 Re8 26.Qh5 Nf8 27.Nh6+ Kg7 28.Nxf7 Qe7 29.Qh8+
{#r} 1-0

[Event "Ch Paris (open)"]
[Site "masterchessopen.com – Paris (France)"]
[Round "6"]
[White "Strugnell Carl (FRA)"]
[Black "Dudognon Marc (FRA)"]
[Result "0-1"]
[WhiteElo "2079"]
[BlackElo "2097"]

1.e4 c5 2.Nf3 d6 3.d4 cxd4 4.Nxd4 Nf6 5.Nc3 a6 6.g3 b5 7.Bg2 Bb7 8.O-O e6
9.Be3 Nbd7 10.f3 Qc7 11.Qd2 Rc8 12.Rfd1 Ne5 13.Qf2 Be7 14.Nce2 Nc4 15.Bc1 O-O
16.a4 b4 17.b3 Ne5 18.h3 Nc6 19.g4 Nxd4 20.Nxd4 d5 21.e5 Qxe5 22.f4 Qc7 {#R}
0-1

[Event "Ch Georgia (juniors) (under 18)"]
[Site "masterchessopen.com – Tbilisi (Georgia)"]
[Round "0"]
[White "Sulashvili Malkhaz (GEO)"]
[Black "Shanava Konstantine (GEO)"]
[Result "1-0"]
[WhiteElo "2246"]
[BlackElo "2332"]

1.e4 c5 2.Nf3 d6 3.d4 cxd4 4.Nxd4 Nf6 5.Nc3 a6 6.g3 e5 7.Nb3 Be6 8.Bg2 Nbd7
9.Nd5 Nxd5 10.exd5 Bf5 11.O-O Be7 12.a4 Rc8 13.c3 O-O 14.a5 Bg5 15.f4 exf4
16.h4 Bh6 17.Bxf4 Bxf4 18.Rxf4 g6 19.g4 Qxh4 20.Rb4 Bxg4 21.Qxg4 Qd8 22.Rxb7
Ne5 23.Qe2 Re8 24.Nd4 h5 25.Qf2 Qg5 26.Rf1 Qh6 27.Nc6 Ng4 28.Qxf7+ Kh8 29.Ne7
{#r} 1-0

[Event "It (open)"]
[Site "masterchessopen.com – Balatonlelle (Hungary)"]
[Date "2001.09.05"]
[Round "4"]
[White "Simon Peter (HUN)"]
[Black "Szikra Rezso (HUN)"]
[Result "0-1"]
[WhiteElo "2040"]
[BlackElo "2160"]

1.e4 c5 2.Nf3 d6 3.d4 cxd4 4.Nxd4 Nf6 5.Nc3 a6 6.g3 e5 7.Nb3 Be6 8.Bg2 Be7
9.O-O Qc7 10.Bg5 Nbd7 11.Qd2 Rc8 12.Rac1 b5 13.Nd5 Bxd5 14.exd5 O-O 15.Rfd1
Nb6 16.Bxf6 Bxf6 17.c3 Nc4 18.Qe2 Bg5 19.Rb1 f5 20.h4 Bh6 21.Qh5 Rf6 22.Bh3
Rcf8 23.a3 a5 24.Bf1 a4 25.Bxc4 bxc4 26.Na1 Rg6 27.Nc2 Qc8 {#R} 0-1

[Event "Olympiad"]
[Site "masterchessopen.com – Bled (Slovenia)"]
[Round "11"]
[White "Lungu Malupande (ZAM)"]
[Black "Montes De Oca Alexis (DOM)"]
[Result "1-0"]
[WhiteElo "2245"]
[BlackElo "2247"]

1.e4 c5 2.Nf3 d6 3.d4 cxd4 4.Nxd4 Nf6 5.Nc3 a6 6.g3 e5 7.Nb3 Be6 8.Bg2 Be7
9.O-O b5 10.a4 b4 11.Nd5 Bxd5 12.exd5 a5 13.f4 Nbd7 14.Kh1 O-O 15.fxe5 Nxe5
16.Nd4 Rc8 17.Nf5 Nfd7 18.b3 g6 19.Nxe7+ Qxe7 20.Bb2 Rc7 21.Rc1 Rfc8 22.Qd2 f5
23.h3 Rc3 24.Bxc3 Rxc3 25.Qf4 Nf6 26.g4 Nfxg4 27.hxg4 Nxg4 28.Rf3 Qh4+ 29.Kg1
g5 30.Qxf5 {#r} 1-0

[Event "It"]
[Site "masterchessopen.com – Evry (France)"]
[Round "3"]
[White "Inkiov Ventzislav (BUL)"]
[Black "Leroy Adrien (FRA)"]
[Result "1-0"]
[WhiteElo "2465"]
[BlackElo "2265"]

1.e4 c5 2.Nf3 d6 3.d4 Nf6 4.Nc3 cxd4 5.Nxd4 a6 6.g3 e5 7.Nde2 Be6 8.Bg2 b5
9.h3 Nbd7 10.O-O Nb6 11.Nd5 Nbxd5 12.exd5 Bf5 13.g4 Bg6 14.Be3 Be7 15.Ng3 h5
16.g5 Nd7 17.h4 Rc8 18.c3 f5 19.f4 e4 20.a4 Nc5 21.axb5 axb5 22.Bd4 Nd3 23.Bh3
b4 24.Nxf5 O-O 25.Nxe7+ Qxe7 26.Ra7 Rc7 27.Be6+ Kh8 28.Rxc7 Qxc7 29.f5 bxc3
30.fxg6 Rxf1+ 31.Qxf1 Qe7 32.Qf7 {#r} 1-0

[Event "It (open)"]
[Site "masterchessopen.com – Nice (France)"]
[Round "7"]
[White "Genova Liubka (BUL)"]
[Black "Genov Petar (BUL)"]
[Result "0-1"]
[WhiteElo "2212"]
[BlackElo "2485"]

{ Georgieva Liubka (BUL) +1 =0 -1 Genov Petar (BUL) +0 =1 -0 } 1.e4 c5 2.Nf3
d6 3.d4 cxd4 4.Nxd4 Nf6 5.Nc3 a6 6.g3 e5 ( 6...Nc6 7.Bg2 Bd7 8.O-O g6 9.Nxc6
Bxc6 10.Nd5 Bg7 11.Bg5 Bxd5 12.exd5 O-O 13.Qd2 Rc8 14.c3 Re8 15.Rfe1 Nd7
16.Re2 { ...1/2-1/2, Danilovic Alexander(2392) - Genov Petar(2471), Bjeljina
2000 It (cat.7) } ) 7.Nde2 Nbd7 8.Bg2 { = } 8...b5 9.Bg5 ( 9.h3 Bb7 10.g4 b4
11.Nd5 Nxd5 12.exd5 Be7 13.Ng3 O-O 14.O-O g6 15.Bh6 Re8 16.Qd2 a5 17.b3 Qb6
18.Be3 Qb5 { ...1-0, Al-Modiahki Mohamad(2490) - Kulaots Kaido(2478), Andorra
1999 It (open) } ) ( 9.O-O Bb7 10.a4 b4 11.Nd5 Nxd5 12.exd5 Be7 13.a5 Nf6
14.Ra4 Qd7 15.Rxb4 Bd8 16.c4 Bxa5 17.Rxb7 Qxb7 18.Qa4+ Nd7 { ...1-0, Huebner
Robert Dr(2590) - Jakobsen Ole(2430), Berleburg 1971 Match "BRD-Denmark" } ) (
9.Nd5 Nxd5 10.Qxd5 Nb6 11.Qd3 Be6 12.O-O Qc7 13.b3 Be7 14.f4 O-O 15.f5 Bd7
16.g4 Rac8 17.c3 Rfd8 18.g5 Bf8 { ...1-0, Pakkanen Jukka(2315) - Wolff Patrick
G(2595), Philadelphia 1994 It "World Open" } ) ( 9.a4 b4 10.Nd5 Nxd5 11.Qxd5
Qc7 12.a5 Rb8 13.Qd1 Bb7 14.O-O Nc5 15.f3 Be7 16.c3 bxc3 17.Nxc3 Bc6 18.Ra3
O-O { ...1-0, Kholmov Ratmir D(2555) - Tseshkovsky Vitaly(2550), Ordzhonikidze
1978 Cup URS (team) } ) 9...Bb7 ( 9...Be7 10.Qd2 O-O 11.O-O Bb7 12.Rfd1 Rc8
13.a3 Qc7 14.Nc1 Nb6 15.N1a2 Nc4 16.Qc1 h6 17.Bxf6 Bxf6 18.b3 Nb6 19.Rd3 {
...0-1, Zapata Alonso(2487) - Acosta Alejandro(2346), Cartagena 2000 It (open)
} ) 10.a3 { N } ( 10.Nd5 Bxd5 11.exd5 Be7 12.O-O O-O 13.a4 b4 14.a5 Rc8 15.Bd2
Qc7 16.Bxb4 Qxc2 17.Nc3 Qg6 18.Qe2 Ra8 19.Rfc1 Rfb8 { ...1-0, Kolago
Marcin(2170) - Jedryczka Krystian(2465), Rowy 23. 8.1998 Ch Poland (team)
(juniors) (under 20) } ) ( 10.O-O Be7 11.h3 ( 11.Qd2 O-O 12.Rad1 h6 13.Be3 Rc8
14.a4 Nc5 15.axb5 axb5 16.f3 b4 17.Nd5 Nxd5 18.exd5 Qb6 19.Ra1 Rfe8 {
...1/2-1/2, Prediger Rupert(2160) - Maurer Jochen(1930), Germany 1999 Bayern
Regionalliga Southeast } ) 11...b4 12.Bxf6 Nxf6 13.Nd5 Nxd5 14.exd5 O-O 15.a3
a5 16.axb4 axb4 17.Rxa8 Bxa8 18.Qd2 Qb6 19.Nc1 f5 { ...1-0, Kacheishvili
Giorgi(2395) - Silseth Simon(2365), Gausdal 1992 It "Troll Masters" } ) (
10.a4 Be7 11.axb5 axb5 12.Rxa8 Bxa8 13.Nxb5 Qa5+ 14.Nec3 Bxe4 15.Bxe4 Nxe4
16.Qd5 Qa1+ 17.Ke2 Nxc3+ 18.bxc3 Qa4 19.Bxe7 Kxe7 { ...1-0, Brankovic
Dejan(2360) - Stojanovic Mihajlo(2390), Nis 1995 Ch Yugoslavia (1/2 final)
(open) } ) 10...Be7 11.O-O O-O ( 11...Rc8 12.Qd2 h6 13.Bxf6 Nxf6 14.Nc1 O-O
15.Re1 Rc4 16.Nd3 Qc7 17.Re2 Rc8 18.Rae1 Rd4 19.Nd1 d5 20.exd5 e4 21.Bxe4 {
...0-1, McHugh Kevin(2320) - Sadler Matthew(2535), Dublin 1993 it (open) (zt)
} ) 12.h3 { -0,78 CAP } ( 12.Nc1 h6 13.Bxf6 ( 13.Be3 { +0,09 CAP } ) 13...Nxf6
14.Qd3 Rc8 15.N1a2 Rc4 16.Nb4 Qa8 17.Nbd5 Nxd5 18.Nxd5 Bxd5 19.exd5 f5 20.Rad1
e4 21.Qe2 Qc8 { ...1/2-1/2, Zhuravliov Valerij(2460) - Zhelnin Vladimir
V(2335), Novosibirsk 1976 Ch Russia } ) 12...Nb6 ( 12...Rc8 13.Re1 Qc7 14.Qd3
Rfd8 15.Bxf6 Bxf6 16.h4 Nb6 17.Rac1 Qc5 18.Red1 g6 19.Rb1 Be7 20.Nc1 Na4
21.N1a2 Nb6 22.Nb4 { ...1/2-1/2, Acs Peter(2410) - Moiseenko Alexander(2390),
Cala Galdana 1996 Ch World (juniors) (under 16) } ) 13.Bxf6 Bxf6 14.Qd3 Qc7
15.Rfd1 Rfd8 16.Nc1 Rac8 17.N1a2 Nc4 18.Rab1 Qc5 19.h4 a5 20.Nd5 Bxd5 21.Qxd5
Qb6 22.Nc3 b4 23.Na4 Qa7 24.Bf1 { ? } ( 24.axb4 { ! } 24...axb4 25.Ra1 Na3
26.bxa3 { } ) 24...Ne3 25.Qb3 Nxd1 26.Rxd1 Qc7 27.axb4 axb4 28.Qxb4 Qxc2
29.Rd5 h6 30.Nb6 Rb8 31.Rxd6 { ? } ( 31.Bd3 { !? } 31...Qc1+ 32.Kg2 Rb7 33.Ba6
{ } ) 31...Qc7 32.Qc4 Qxd6 { } {#R} 0-1

[Event "Ch Croatia (team) (1st league) (w)"]
[Site "masterchessopen.com – Pula (Croatia)"]
[Round "0"]
[White "Roschina Tatiana (RUS)"]
[Black "Grzincic Tihana (CRO)"]
[Result "1-0"]
[WhiteElo "2286"]
[BlackElo "2040"]

1.e4 c5 2.Nf3 d6 3.d4 cxd4 4.Nxd4 Nf6 5.Nc3 a6 6.g3 e5 7.Nde2 Be7 8.Bg2 O-O
9.a4 b6 10.O-O Bb7 11.h3 Nbd7 12.g4 b5 13.Ng3 b4 14.Nd5 Nxd5 15.exd5 g6 16.Bh6
Re8 17.Qd2 a5 18.f4 Bf8 19.fxe5 Bxh6 20.Qxh6 Rxe5 21.Rae1 Qb6+ 22.Kh2 Rae8
23.Rxf7 Kxf7 24.Qxh7+ {#r} 1-0

[Event "It (open)"]
[Site "masterchessopen.com – Sao Paulo (Brazil)"]
[Round "3"]
[White "Trindade Sandro (BRA)"]
[Black "Soares Paulo Henrique Dos Reis (BRA)"]
[Result "1-0"]
[WhiteElo "2342"]
[BlackElo "1921"]

1.e4 c5 2.Nf3 d6 3.d4 cxd4 4.Nxd4 Nf6 5.Nc3 a6 6.g3 e5 7.Nde2 Be6 8.Bg2 Be7
9.h3 Nbd7 10.a4 O-O 11.O-O Rc8 12.b3 b6 13.f4 exf4 14.gxf4 Nc5 15.f5 Bd7 16.b4
Nb7 17.e5 Rxc3 18.Nxc3 Qc7 19.exf6 Bxf6 20.Nd5 {#r} 1-0

[Event "It \"]
[Site "masterchessopen.com – Borovo (Croatia)"]
[Round "1"]
[White "Solic Kristina (CRO)"]
[Black "Sertic Rudolf (CRO)"]
[Result "0-1"]
[WhiteElo "2229"]
[BlackElo "2337"]

1.e4 c5 2.Nf3 d6 3.d4 cxd4 4.Nxd4 Nf6 5.Nc3 a6 6.g3 b5 7.Bg2 Bb7 8.O-O e6 9.a3
Qc7 10.Bg5 Nbd7 11.Qd2 Be7 12.Rad1 O-O 13.f4 Rfd8 14.f5 e5 15.Nde2 Nb6 16.b3
Rac8 17.g4 Nxg4 18.Bxe7 Qxe7 19.Rf3 d5 20.f6 Nxf6 21.Qg5 h6 22.Qh4 dxe4 23.Rg3
Kf8 24.Rf1 Rd2 25.Rf5 Nbd5 26.Nxd5 Bxd5 27.Nc3 Be6 28.Rxe5 Qa7+ 29.Kh1 Rxc3
30.Qf4 Rcxc2 31.Rxe4 Nxe4 {#R} 0-1

[Event "Ch France (juniors) (under 16)"]
[Site "masterchessopen.com – France"]
[Round "1"]
[White "Vachier-Lagrave Maxime (FRA)"]
[Black "Barj Julien (FRA)"]
[Result "1-0"]
[WhiteElo "2493"]
[BlackElo "2125"]

1.e4 c5 2.Nf3 d6 3.d4 cxd4 4.Nxd4 Nf6 5.Nc3 a6 6.g3 e5 7.Nde2 Be7 8.Bg2 O-O
9.O-O h6 10.h3 Nbd7 11.Be3 b5 12.a4 b4 13.Nd5 Nxd5 14.exd5 a5 15.f4 exf4
16.Nxf4 Bf6 17.Ne6 fxe6 18.dxe6 Bg5 19.Bxg5 Qxg5 20.exd7 Rxf1+ 21.Qxf1 Ba6
22.Qf4 Qc5+ 23.Kh2 Rd8 24.Re1 {#r} 1-0

[Event "Bundesliga 2003/04 (w)"]
[Site "masterchessopen.com – Germany"]
[Round "3"]
[White "Mueller Claudia (GER)"]
[Black "Domsgen Christina (GER)"]
[Result "0-1"]
[WhiteElo "1992"]
[BlackElo "2129"]

1.e4 c5 2.Nf3 d6 3.d4 cxd4 4.Nxd4 Nf6 5.Nc3 a6 6.g3 e5 7.Nb3 Be7 8.Bg2 O-O
9.O-O Be6 10.f4 Nc6 11.f5 Bc4 12.Rf2 a5 13.Be3 h6 14.Rd2 b5 15.Bc5 a4 16.Nc1
b4 17.Nxa4 Rxa4 18.b3 Ra5 19.Bxd6 Bxd6 20.Rxd6 Qb6+ 21.Kh1 Ba6 22.Nd3 Bxd3
23.Qxd3 Qc5 24.h3 Nd4 25.Ra6 Rxa6 26.Qxa6 Qxc2 27.Qb7 Qb2 28.Rf1 Qxa2 29.Qxb4
Qxb3 30.Qe1 Rc8 {#R} 0-1

[Event "Ch Serbia & Montenegro (team)"]
[Site "masterchessopen.com – Golubac (Yugoslavia)"]
[Round "0"]
[White "Tosic Srecko (SRB)"]
[Black "Ilic Aleksandar (SRB)"]
[Result "1-0"]
[WhiteElo "2299"]
[BlackElo "2013"]

1.e4 c5 2.Nf3 d6 3.d4 cxd4 4.Nxd4 Nf6 5.Nc3 a6 6.g3 e5 7.Nde2 Be7 8.Bg2 O-O
9.O-O b5 10.h3 Nbd7 11.g4 Nb6 12.Ng3 g6 13.Bh6 Re8 14.f4 b4 15.Nd5 Nfxd5
16.exd5 Bf8 17.Bxf8 Kxf8 18.fxe5 Rxe5 19.Qd2 a5 20.Qh6+ Kg8 21.Ne4 f5 22.Ng5
Ra7 23.Rad1 Nc4 24.Nf3 Qb6+ 25.Kh1 Re8 26.Nd4 fxg4 27.Rde1 Rxe1 28.Qf8# 1-0

[Event "Ch Iran"]
[Site "masterchessopen.com – Mashad (Iran)"]
[Round "2"]
[White "Mirzajani Reza (IRI)"]
[Black "Noroozi Omid (IRI)"]
[Result "0-1"]
[WhiteElo "2102"]
[BlackElo "2172"]

1.e4 c5 2.Nf3 d6 3.d4 cxd4 4.Nxd4 Nf6 5.Nc3 a6 6.g3 e5 7.Nb3 b5 8.Bg2 Bg4 9.f3
Be6 10.Bg5 Nbd7 11.a3 h6 12.Be3 Nb6 13.Na5 Rc8 14.Qe2 d5 15.Bf2 d4 16.Na2 Na4
17.b4 Bxa2 {#R} 0-1

[Event "Ch Europe (team)"]
[Site "masterchessopen.com – Plovdiv (Bulgaria)"]
[Round "3"]
[White "Kupreichik Viktor D (BLR)"]
[Black "Weber Jean-Marie (LUX)"]
[Result "1-0"]
[WhiteElo "2452"]
[BlackElo "2232"]

{ Kupreichik Viktor D (BLR) +1 =0 -1 } 1.e4 { 1 } 1...c5 2.Ne2 Nf6 3.Nbc3 d6
4.d4 cxd4 5.Nxd4 a6 6.g3 e5 7.Nb3 Be7 8.Bg2 O-O 9.O-O ( 9.a4 Bg4 10.Qd2 Nbd7
11.O-O Rc8 12.a5 Qc7 13.h3 Be6 14.Rd1 Rfd8 15.Qe1 Ra8 16.Be3 h6 17.Rd2 b5
18.axb6 Nxb6 19.Na5 Nc4 20.Nxc4 Bxc4 21.Ra4 Bb5 22.Ra3 Bc6 23.Ra2 Rdb8 24.Rd1
a5 25.b3 Bd8 26.Qd2 Qb7 27.Qxd6 Nxe4 28.Nxe4 Bxe4 { ...1-0, Adams Michael 2734
- Gallagher Joseph G 2526 , France 2003 Ch France (team) 2003 } ) 9...Be6 {
?/= } ( 9...Nbd7 10.a4 b6 11.f4 Bb7 12.g4 Rc8 13.g5 Ne8 14.Qg4 exf4 15.Bxf4
Ne5 16.Qg3 Ng6 17.Be3 d5 18.e5 Bb4 19.Bd4 Nc7 20.Bxb6 Qe7 21.Na2 Na8 22.Nxb4
Nxb6 23.c3 Nc4 24.Rf2 d4 25.Bxb7 Qxb7 26.Nxd4 Ncxe5 27.h4 Rc5 28.a5 Qc8 29.Nf5
{ ...0-1, Morrison William 2390 - Kasparov Garry 2820 , Catonsville 1997
Simultan } ) ( 9...b5 10.a4 b4 11.Nd5 Nxd5 12.Qxd5 Ra7 13.Be3 Be6 14.Qd3 Rb7
15.Nd2 a5 16.c3 Nd7 17.Qa6 Qa8 18.Qxa8 Rxa8 19.Rfc1 Nf6 { 1/2-1/2, Magem
Badals Jordi 2470 - Oll Lembit 2630 , Terrasa 1990 It } ) 10.f4 ( 10.a4 Nbd7
11.a5 Qc7 12.h3 h6 13.Re1 b5 14.axb6 Nxb6 15.Na5 Rfc8 16.Be3 Nc4 17.Nxc4 Bxc4
18.Qd2 Rab8 19.Reb1 a5 20.Qe1 Bd8 21.Bd2 Qd7 22.Kh2 Be6 23.b3 h5 24.Rc1 h4
25.g4 d5 26.exd5 Nxd5 27.Nxd5 Bxd5 28.Bxd5 Qxd5 29.Bxa5 Bg5 { ...1-0, Popovic
Petar 2525 - Ftacnik Lubomir 2595 , Novi Sad 1984 It (cat.12) } ) 10...Nbd7
11.f5 Bc4 12.Re1 { } 12...a5 { N } ( 12...b5 13.Nd2 Rc8 14.Nxc4 Rxc4 15.Bf1
Rc8 16.a3 Qc7 17.g4 h6 18.g5 hxg5 19.Bxg5 Nb6 20.Kh1 Rfd8 21.Bd3 d5 22.Rg1
Nxe4 23.Bxe4 dxe4 24.Qg4 f6 25.Bh4 Bc5 26.Bxf6 Bxg1 27.Bxd8 Rxd8 28.Rxg1 Rf8
29.Qxe4 Nc4 30.f6 Rf7 31.Nd5 Qb7 32.Qg2 { ...0-1, Kurajica Bojan 2525 -
Vujacic Borivoje 2375 , Stockholm 1975 } ) 13.Nd2 Ba6 14.a4 Qc7 15.Nf1 Nb6
16.Ne3 Rfd8 17.Qf3 Rac8 18.Kh1 Qc6 19.g4 Nfd7 20.Qg3 Nc5 21.g5 g6 22.Ng4 Ncxa4
{ ? } ( 22...Qe8 { ! } 23.Qh4 h5 24.Nf6+ Bxf6 { } ) 23.Nxa4 Nxa4 24.Qb3 Nc5
25.Nh6+ Kh8 26.Nxf7+ Kg7 27.f6+ Bxf6 28.gxf6+ Kf8 29.Bh6+ Ke8 30.Nxd8 Nxb3
31.f7+ { } {#r} 1-0

[Event "It (open)"]
[Site "masterchessopen.com – Villa Ballester (Argentina)"]
[Round "6"]
[White "De Dovitiis Alejo (ARG)"]
[Black "Lafuente Pablo (ARG)"]
[Result "1-0"]
[WhiteElo "2363"]
[BlackElo "2473"]

1.e4 c5 2.Nf3 d6 3.d4 cxd4 4.Nxd4 Nf6 5.Nc3 a6 6.g3 e5 7.Nde2 Qc7 8.Bg2 Nbd7
9.O-O Be7 10.h3 h5 11.Bg5 b5 12.Qd2 Nb6 13.b3 Bb7 14.Rfd1 Rc8 15.Rac1 b4
16.Nd5 Nbxd5 17.exd5 Qa5 18.a3 {#r} 1-0

[Event "Ch Bulgaria (1/2 final)"]
[Site "masterchessopen.com – Bankja (Bulgaria)"]
[Round "2"]
[White "Badev Kiril (BUL)"]
[Black "Dragiev Veselin (BUL)"]
[Result "0-1"]
[WhiteElo "2266"]
[BlackElo "2477"]

1.e4 c5 2.Nf3 d6 3.Nc3 a6 4.d4 cxd4 5.Nxd4 Nf6 6.g3 e5 7.Nde2 Be7 8.Bg2 O-O
9.O-O Nbd7 10.h3 b5 11.g4 Nb6 12.Ng3 g6 13.Bh6 Re8 14.a3 Bb7 15.f4 exf4
16.Rxf4 Nc4 17.Qd4 Ne5 18.Raf1 Rc8 19.Kh1 Kh8 20.Bg5 Nh5 21.Nxh5 Bxg5 22.Rxf7
Rc4 23.Qf2 Nxf7 {#R} 0-1

[Event "Cup Independence (open) (b)"]
[Site "masterchessopen.com – Kiev (Ukraine)"]
[Date "2003.08.02"]
[Round "1"]
[White "Shkuran Daniil (UKR)"]
[Black "Kovtoniuk Natalia (UKR)"]
[Result "1-0"]
[WhiteElo "2403"]
[BlackElo "2044"]

1.e4 c5 2.Nf3 d6 3.d4 cxd4 4.Nxd4 Nf6 5.Nc3 a6 6.g3 b5 7.Bg2 Bb7 8.a4 Qa5
9.O-O b4 10.Nd5 Nxd5 11.exd5 g6 12.Nb3 Qc7 13.Qd4 f6 14.Qxb4 Bg7 15.Nd4 Bc8
16.Ne6 Bxe6 17.dxe6 Nc6 18.Qc4 Rc8 19.Qxa6 Nd4 20.c3 Nxe6 21.a5 Nc5 22.Qc4 Qb8
23.a6 Rc7 24.Be3 f5 25.b4 Nxa6 26.Qxa6 Bxc3 27.Qa4+ Kf8 28.Rac1 Kg7 29.Rxc3
{#r} 1-0

[Event "Cup Independence (open) (b)"]
[Site "masterchessopen.com – Kiev (Ukraine)"]
[Date "2003.08.07"]
[Round "6"]
[White "Shkuran Daniil (UKR)"]
[Black "Wassin Sergej (UKR)"]
[Result "1-0"]
[WhiteElo "2403"]
[BlackElo "2303"]

1.e4 c5 2.Nf3 d6 3.d4 cxd4 4.Nxd4 Nf6 5.Nc3 a6 6.g3 e5 7.Nde2 Nbd7 8.a4 b6
9.Bg2 Bb7 10.h3 Rc8 11.O-O Qc7 12.g4 h6 13.Ng3 g6 14.Be3 h5 15.g5 Nh7 16.h4
Be7 17.Nge2 O-O 18.f4 f5 19.Nd5 Bxd5 20.Qxd5+ Kh8 21.exf5 Qxc2 22.Ng3 gxf5
23.Qe6 Qd3 24.Ra3 {#r} 1-0

[Event "It (open)"]
[Site "masterchessopen.com – Ortigueira (Spain)"]
[Date "2004.08.06"]
[Round "4"]
[White "Millan Soto Miguel (ESP)"]
[Black "San Jose Torres Carlos (ESP)"]
[Result "0-1"]
[WhiteElo "2003"]
[BlackElo "2026"]

1.e4 c5 2.Nf3 d6 3.d4 cxd4 4.Nxd4 Nf6 5.Nc3 a6 6.g3 e5 7.Nf3 Be7 8.Bg2 O-O
9.O-O b5 10.a3 Bb7 11.Re1 Nbd7 12.Bg5 h6 13.Bxf6 Nxf6 14.Re2 Qc7 15.Ne1 Rfd8
16.Nd3 d5 17.exd5 Nxd5 18.Nxd5 Bxd5 19.Rxe5 Bxg2 20.Kxg2 Rxd3 21.cxd3 Qxe5
22.Qd2 Rd8 23.Re1 Qd5+ 24.Kg1 Bg5 25.f4 Bf6 26.h3 Qf3 27.Kh2 Rxd3 28.Re8+ Kh7
{#R} 0-1

[Event "Ch Arabic Countries (w)"]
[Site "masterchessopen.com – Dubai (United Arab Emirates)"]
[Date "2004.08.08"]
[Round "6"]
[White "Al-Rufei Eman H (IRQ)"]
[Black "Bahji Hind (MAR)"]
[Result "1-0"]
[WhiteElo "2108"]
[BlackElo "2069"]

1.e4 c5 2.Nf3 d6 3.d4 cxd4 4.Nxd4 Nf6 5.Nc3 a6 6.g3 e5 7.Nb3 b5 8.Bg2 Bb7
9.O-O Nbd7 10.Be3 Be7 11.a3 Rc8 12.Qe2 O-O 13.Rad1 Qc7 14.f4 Nb6 15.g4 Nc4
16.Bc1 Nxa3 17.g5 Nd7 18.Rd3 Nc4 19.Qh5 Rfe8 20.Rh3 Nf8 21.f5 b4 22.f6 Bd8
23.Nd5 Bxd5 24.exd5 e4 25.Kh1 Nb6 26.Nd4 Nxd5 27.fxg7 Kxg7 28.g6 Nf6 29.Nf5+
Kh8 30.g7+ Kg8 31.gxf8=Q+ {#r} 1-0

[Event "It (open)"]
[Site "masterchessopen.com – Brno (Czech Republic)"]
[Date "2004.08.29"]
[Round "1"]
[White "Mlensky Dalibor (CZE)"]
[Black "Smistik Milan (CZE)"]
[Result "0-1"]
[WhiteElo "2093"]
[BlackElo "2335"]

1.e4 c5 2.Nf3 d6 3.d4 cxd4 4.Nxd4 Nf6 5.Nc3 a6 6.g3 e5 7.Nde2 b5 8.Bg2 Bb7
9.a3 h6 10.h3 Nbd7 11.g4 Nc5 12.Ng3 g6 13.Nd5 Bg7 14.Be3 Rc8 15.O-O Bxd5
16.exd5 h5 17.g5 Ng8 18.Ne4 Nxe4 19.Bxe4 Qd7 20.Kh2 Ne7 21.Qd3 O-O 22.Rac1 Qc7
23.b3 Qa5 24.Bd2 Qxa3 25.Ra1 Qc5 26.Be3 Qc3 27.Rxa6 Qxd3 28.Bxd3 Nxd5 29.Rxd6
Nxe3 {#R} 0-1

[Event "It (open)"]
[Site "masterchessopen.com – Senden (Germany)"]
[Round "8"]
[White "Van Der Weide Karel (BEL)"]
[Black "Becker Martin (GER)"]
[Result "1-0"]
[WhiteElo "2457"]
[BlackElo "2241"]

1.e4 c5 2.Nf3 d6 3.d4 cxd4 4.Nxd4 Nf6 5.Nc3 a6 6.g3 e5 7.Nde2 Nbd7 8.Bg2 b5
9.O-O Bb7 10.h3 Rc8 11.g4 Nc5 12.Ng3 g6 13.a3 h5 14.g5 Nfd7 15.h4 Ne6 16.Nd5
Bg7 17.c3 O-O 18.a4 Nb6 19.axb5 axb5 20.Ra7 Bxd5 21.exd5 Nf4 22.Be4 f6 23.Bxf4
exf4 24.Bxg6 {#r} 1-0